[Event "Copenhagen Open"]
[Site "Copenhagen DEN"]
[Date "1989.??.??"]
[Round "3"]
[White "Stempin, Pawel"]
[Black "Karlsson, Lars C-G"]
[Result "1/2-1/2"]
[WhiteElo "2395"]
[BlackElo "2515"]
[PlyCount "116"]
[EventDate "1989.06.??"]
[Source "www.chesslib.no"]
[SourceDate "2004.05.04"]

1. d4 e6 2. c4 f5 3. Nf3 Nf6 4. g3 d5 5. Bg2 Be7 6. O-O O-O 7. Nbd2 Nc6 8. b3 a5 9. a3 Bd7 10. Bb2 Ne4 11. Rc1 Be8 12. Ne1 Bf6 13. Ndf3 a4 14. cxd5 exd5 15. b4 Ne7 16. Nd3 Bb5 17. Nfe5 Bxd3 18. Qxd3 Nc8 19. Rc2 Ncd6 20. f3 Ng5 21. Bc1 Ne6 22. f4 c6 23. Bh3 g6 24. Be3 Bg7 25. Bg2 Nc7 26. Bf3 Kh8 27. Kf2 Nce8 28. Ke1 Nf6 29. Kd1 Nfe4 30. Kc1 Qe8 31. Rg1 Qe6 32. Kb1 Rae8 33. Rcc1 Nc4 34. h4 h5 35. Rc2 Kh7 36. Bc1 b5 37. Rg2 Rb8 38. e3 c5 39. dxc5 Bxe5 40. fxe5 Nxe5 41. Qd1 d4 42. Bxe4 fxe4 43. Qxd4 Nd3 44. Rg1 Rbd8 45. Qc3 Nxc1 46. Kxc1 Rd3 47. Qa1 Rxe3 48. c6 Rxg3 49. Rxg3 Rf1+ 50. Kb2 Rxa1 51. Kxa1 e3 52. Rgg2 Qb3 53. c7 Qxa3+ 54. Kb1 Qxb4+ 55. Rb2 Qf8 56. Rbc2 Qb4+ 57. Rb2 Qf8 58. Rbc2 Qb4+ 1/2-1/2

[Event "X Open"]
[Site "Dubai EAU"]
[Date "2008.04.12"]
[Round "7"]
[White "Pantsulaia, L."]
[Black "Mohannad, F."]
[Result "1-0"]
[WhiteElo "2617"]
[BlackElo "2285"]
[PlyCount "69"]
[EventDate "2008.04.07"]
[Source "www.chesslib.no"]
[SourceDate "2004.05.04"]

1. Nf3 f5 2. g3 Nf6 3. Bg2 e6 4. O-O Be7 5. c4 O-O 6. d4 d5 7. Qc2 c6 8. Nbd2 Ne4 9. Ne5 Nxd2 10. Bxd2 Nd7 11. Nd3 Nf6 12. Bf4 Bd6 13. Rad1 Bxf4 14. Nxf4 Bd7 15. e3 Qe7 16. Rc1 g5 17. Nd3 Be8 18. b4 h5 19. a4 a6 20. Rb1 Ne4 21. Ne5 g4 22. Rfc1 h4 23. Rb2 hxg3 24. hxg3 Rf6 25. Qb3 Rh6 26. Rbc2 Qh7 27. cxd5 exd5 28. b5 axb5 29. axb5 Rh2 30. bxc6 bxc6 31. Nxc6 Bxc6 32. Rxc6 Rxg2+ 33. Kxg2 Qh3+ 34. Kg1 Nd2 35. Qxd5+ 1-0

[Event "Vilnius"]
[Site "Vilnius"]
[Date "1978.??.??"]
[Round "11"]
[White "Csom, Istvan"]
[Black "Lebredo, Gerardo"]
[Result "0-1"]
[WhiteElo "2510"]
[BlackElo "2385"]
[PlyCount "92"]
[EventDate "1978.07.??"]
[Source "ChessBase"]

1. g3 e6 2. Bg2 f5 3. c4 Nf6 4. Nf3 Be7 5. O-O O-O 6. d4 d5 7. Nbd2 c6 8. Qc2 Ne4 9. Ne5 Nd7 10. Nd3 Nb6 11. c5 Nxd2 12. Bxd2 Nd7 13. b4 Bf6 14. Bc3 Re8 15. Rab1 b6 16. a4 Bb7 17. Rfc1 Qe7 18. e3 bxc5 19. bxc5 Bc8 20. Nb4 Nb8 21. Rb2 a5 22. Nd3 Nd7 23. Rcb1 g5 24. Qd2 Ba6 25. f4 Qg7 26. Ne5 Nxe5 27. fxe5 Bd8 28. Rb8 Rxb8 29. Rxb8 Qc7 30. Qb2 Kf8 31. g4 Be7 32. Rxe8+ Kxe8 33. Qc2 Bc8 34. Bh3 fxg4 35. Bxg4 Bd8 36. e4 Qf7 37. exd5 Ba6 38. Qd1 Qf4 39. dxc6 Qe3+ 40. Kg2 Qxc3 41. Bxe6 Qb2+ 42. Kh3 Be2 43. Qe1 g4+ 44. Kg3 Qa3+ 45. Kg2 Qf3+ 46. Kg1 Bg5 0-1

[Event "Chigorin mem"]
[Site "St Petersburg"]
[Date "1998.11.02"]
[Round "3"]
[White "Ivanov, Sergey"]
[Black "Eliseev, Alexey"]
[Result "1-0"]
[WhiteElo "2550"]
[BlackElo "2345"]
[PlyCount "119"]
[EventDate "1998.10.31"]
[Source "ChessBase"]
[SourceDate "1999.01.01"]

1. d4 f5 2. g3 Nf6 3. Bg2 e6 4. c4 Be7 5. Nf3 O-O 6. d5 Bb4+ 7. Bd2 Qe7 8. Nc3 e5 9. a3 Bxc3 10. Bxc3 d6 11. O-O Ne4 12. Rc1 a5 13. b4 Bd7 14. Qb3 axb4 15. axb4 Ba4 16. Qb2 Nd7 17. Nd2 Nxd2 18. Bxd2 c6 19. f4 e4 20. dxc6 bxc6 21. Be3 Rfb8 22. Qd2 Qe6 23. g4 fxg4 24. f5 Qe7 25. Bf4 Nf6 26. Bxd6 Rd8 27. Bxe7 Rxd2 28. Kf2 e3+ 29. Kxe3 Rb2 30. Bxf6 Re8+ 31. Kf4 gxf6 32. Kxg4 Rexe2 33. Bf3 Rxh2 34. b5 h5+ 35. Kf4 cxb5 36. c5 Rhc2 37. c6 Rb4+ 38. Ke3 Rb3+ 39. Kd4 Rbc3 40. Rxc2 Rxc2 41. Kd5 b4 42. Kd6 b3 43. c7 Kg7 44. Bb7 Rd2+ 45. Bd5 Rc2 46. Rb1 Kh6 47. Bxb3 Bxb3 48. Rxb3 Rd2+ 49. Kc6 Rc2+ 50. Kb6 h4 51. Rb5 h3 52. Rc5 Rb2+ 53. Ka5 Ra2+ 54. Kb4 Ra8 55. c8=Q Rxc8 56. Rxc8 Kg5 57. Kc3 Kg4 58. Kd3 Kf4 59. Ke2 Kg3 60. Rg8+ 1-0

[Event "Budapest HUN"]
[Site "?"]
[Date "2005.05.24"]
[Round "4"]
[White "Izsak Gyula"]
[Black "Danner Georg"]
[Result "1-0"]
[WhiteElo "2459"]
[BlackElo "2435"]
[PlyCount "111"]
[EventDate "2005.??.??"]
[Source "www.chesslib.no"]
[SourceDate "2004.05.04"]

1. d4 f5 2. Nf3 Nf6 3. c4 e6 4. g3 Be7 5. Bg2 O-O 6. d5 Ne4 7. Nbd2 Nxd2 8. Bxd2 Bf6 9. Qc2 d6 10. dxe6 Bxe6 11. O-O Nc6 12. Rad1 Qe7 13. b3 Rae8 14. Be3 a5 15. Qd2 h6 16. Rfe1 Qf7 17. Bd4 Nxd4 18. Nxd4 Bxd4 19. Qxd4 b6 20. f4 Qf6 21. Bc6 Re7 22. Qxf6 Rxf6 23. e4 g5 24. fxg5 hxg5 25. e5 dxe5 26. Rxe5 Rg7 27. Rxe6 Rxe6 28. Bd5 Kf7 29. Re1 Rgg6 30. Re5 c6 31. Rxf5+ Ke7 32. Bxe6 Kxe6 33. g4 a4 34. bxa4 Kd6 35. a5 bxa5 36. Rxa5 Rg8 37. Rf5 c5 38. Kf2 Ra8 39. Rd5+ Kc6 40. Rxg5 Rxa2+ 41. Kg3 Rc2 42. Rg6+ Kd7 43. h4 Rxc4 44. h5 Rc1 45. Ra6 c4 46. Kf4 c3 47. Ra2 c2 48. Kg5 Ke6 49. h6 Kf7 50. Ra7+ Ke6 51. Rc7 Kd6 52. Rc3 Ke6 53. h7 Rh1 54. Kg6 c1=Q 55. Rxc1 Rxc1 56. h8=Q 1-0

[Event "Copenhagen Open"]
[Site "Copenhagen DEN"]
[Date "1990.??.??"]
[Round "10"]
[White "Hoi, Carsten"]
[Black "Kristiansen, Jens"]
[Result "1/2-1/2"]
[WhiteElo "2445"]
[BlackElo "2445"]
[PlyCount "51"]
[EventDate "1990.06.??"]
[Source "www.chesslib.no"]
[SourceDate "2004.05.04"]

1. d4 f5 2. Nf3 Nf6 3. g3 e6 4. Bg2 Be7 5. c4 O-O 6. d5 Ne4 7. Nbd2 Nxd2 8. Bxd2 Bf6 9. Qc2 d6 10. dxe6 Bxe6 11. O-O Nd7 12. Rfd1 Qe7 13. Rac1 Nc5 14. Be3 a5 15. Nd4 c6 16. b3 g6 17. Nxe6 Qxe6 18. Bd4 Rae8 19. e3 Ne4 20. Bxf6 Rxf6 21. Rd4 Qe7 22. Rcd1 b6 23. a3 Re6 24. b4 axb4 25. axb4 c5 26. R4d3 1/2-1/2

[Event "Nordic Team Ch"]
[Site "Slupsk"]
[Date "1987.??.??"]
[Round "3"]
[White "Ostenstad, Berge"]
[Black "Karlsson, Lars C-G"]
[Result "1-0"]
[WhiteElo "2410"]
[BlackElo "2480"]
[PlyCount "179"]
[EventDate "1987.10.??"]
[Source "www.chesslib.no"]
[SourceDate "2004.05.04"]

1. d4 e6 2. Nf3 f5 3. g3 Nf6 4. Bg2 Be7 5. c4 O-O 6. d5 Bb4+ 7. Bd2 Qe7 8. Qb3 Bc5 9. O-O e5 10. Nc3 e4 11. Ne1 d6 12. Nc2 Nbd7 13. Na4 Ng4 14. Nxc5 Nxc5 15. Qc3 a5 16. f3 Nf6 17. f4 b5 18. Be3 b4 19. Qd2 Ba6 20. b3 Bc8 21. Bd4 Bd7 22. Ne3 a4 23. bxa4 Rxa4 24. Rfb1 Na6 25. Rb3 Qf7 26. a3 bxa3 27. Rbxa3 Rxa3 28. Rxa3 Nc5 29. Qa5 c6 30. dxc6 Bxc6 31. Bxc5 dxc5 32. Qxc5 Bd7 33. Ra7 Qe8 34. Qd6 Qe6 35. Qd4 Bc6 36. Bh3 Ne8 37. Qc5 Bd7 38. Kg2 h5 39. Ra5 g6 40. Qd4 Nf6 41. Kf2 Bc6 42. Bf1 Kh7 43. Ra6 Kh6 44. Bh3 Ra8 45. Rxa8 Bxa8 46. Qd8 Bc6 47. Qh8+ Nh7 48. Bf1 Qd6 49. h4 Qc5 50. Qc3 Nf8 51. Ke1 Kh7 52. Nc2 Ne6 53. e3 Qa7 54. Kf2 Ba4 55. Nb4 Qa5 56. Nd5 Qxc3 57. Nxc3 Nc5 58. Ke1 Kg7 59. Nd5 Kf7 60. Kd2 Ke6 61. Be2 Kd6 62. Kc3 Bc6 63. Nb4 Ba4 64. Kb2 Ke6 65. Nd5 Kd6 66. Nc3 Be8 67. Nb5+ Kc6 68. Kc3 Bf7 69. Kd4 Nd7 70. Nc3 Nc5 71. Bd1 Kd6 72. Nb5+ Kc6 73. Bc2 Kb6 74. Nd6 Be6 75. Ke5 Ka5 76. Kf6 Kb4 77. Kxg6 Kc3 78. Bd1 Kd2 79. Bxh5 Kxe3 80. Nxf5+ Kf2 81. Bd1 Bxc4 82. h5 Ne6 83. h6 e3 84. Nxe3 Kxe3 85. f5 Bd3 86. Kf6 Nc5 87. h7 Ne4+ 88. Ke7 Nxg3 89. h8=Q Nxf5+ 90. Kf6 1-0

[Event "Cappelle op"]
[Site "Cappelle la Grande "]
[Date "1996.??.??"]
[Round "2"]
[White "Sergeev, Vladimir"]
[Black "Naumkin, Igor"]
[Result "1/2-1/2"]
[WhiteElo "2410"]
[BlackElo "2480"]
[PlyCount "23"]
[EventDate "1996.02.??"]
[Source "ChessBase"]

1. d4 e6 2. Nf3 f5 3. g3 Nf6 4. Bg2 Be7 5. c4 O-O 6. d5 Bb4+ 7. Bd2 Qe7 8. O-O Bxd2 9. Qxd2 e5 10. Nc3 d6 11. Ne1 a5 12. Nd3 1/2-1/2

[Event "Oslo"]
[Site "Oslo"]
[Date "1986.??.??"]
[Round "?"]
[White "Ostenstad, Berge"]
[Black "Karlsson, Lars"]
[Result "1-0"]
[WhiteElo "2370"]
[BlackElo "2520"]
[PlyCount "111"]
[EventDate "1986.03.??"]
[Source "ChessBase"]

1. d4 e6 2. c4 f5 3. Nf3 Nf6 4. g3 d5 5. Bg2 Be7 6. O-O O-O 7. Bg5 h6 8. Bxf6 Bxf6 9. cxd5 exd5 10. e3 c6 11. Ne1 Na6 12. Nd3 Nc7 13. Nd2 Ne8 14. Nf3 Nd6 15. Qc2 g5 16. Nfe5 Kg7 17. f4 g4 18. Kf2 h5 19. Ke2 Ne4 20. Nc5 Qe7 21. Rfc1 h4 22. Nxe4 fxe4 23. Rab1 a5 24. a3 a4 25. Ke1 Rh8 26. Qe2 hxg3 27. hxg3 Rh2 28. Kd2 Bf5 29. Rh1 Rah8 30. Rxh2 Rxh2 31. Rh1 Rxh1 32. Bxh1 Qe6 33. Bg2 Qc8 34. Qd1 Be6 35. Qxa4 c5 36. dxc5 Bxe5 37. fxe5 Qxc5 38. Qb4 Qc7 39. Bf1 Kg6 40. Qd6 Qf7 41. Be2 Kf5 42. a4 Qg7 43. b4 b6 44. a5 bxa5 45. bxa5 d4 46. Qxd4 Qc7 47. Qc3 Qd7+ 48. Ke1 Qa4 49. Kf2 Qa2 50. a6 Kg5 51. Qc7 Kg6 52. a7 Bd5 53. e6 Qa1 54. Qf7+ Kg5 55. Qg8+ Kh6 56. Qf8+ 1-0

[Event "SUI-chT"]
[Site "SUI"]
[Date "1999.??.??"]
[Round "4.1"]
[White "Kallai, Gabor"]
[Black "Gerber, Richard"]
[Result "1-0"]
[WhiteElo "2525"]
[BlackElo "2353"]
[PlyCount "120"]
[EventDate "1999.01.??"]
[Source "www.chesslib.no"]
[SourceDate "2004.05.04"]

1. d4 e6 2. c4 f5 3. Nf3 Nf6 4. g3 Be7 5. Bg2 O-O 6. d5 Ne4 7. Nbd2 Nxd2 8. Bxd2 Bf6 9. Qc2 d6 10. dxe6 Bxe6 11. Bc3 Nc6 12. Rd1 Qe7 13. O-O Rae8 14. e3 b6 15. Nd4 Nxd4 16. Bxd4 a5 17. Bc6 Bd7 18. Bxd7 Qxd7 19. c5 bxc5 20. Bxf6 Rxf6 21. Qxc5 a4 22. Qc4+ Rf7 23. Rd4 Rb8 24. Rb1 c5 25. Rd2 Qc6 26. Qe6 Rb6 27. Rbd1 Qe4 28. Qc8+ Rf8 29. Qc7 Qb7 30. Qxb7 Rxb7 31. Rxd6 Rxb2 32. Rc6 g6 33. a3 Rb3 34. Rxc5 Rxa3 35. Ra5 Rf7 36. Rd4 Ra1+ 37. Kg2 a3 38. Rda4 Kg7 39. Rxa3 Rxa3 40. Rxa3 Rb7 41. h3 h5 42. g4 hxg4 43. hxg4 Rb4 44. f4 g5 45. Ra7+ Kf6 46. Ra5 Rb2+ 47. Kf1 gxf4 48. Rxf5+ Kg6 49. exf4 Ra2 50. Rg5+ Kf6 51. Re5 Ra4 52. Rf5+ Kg6 53. Kf2 Ra2+ 54. Kg3 Ra3+ 55. Kh4 Ra1 56. Rb5 Rh1+ 57. Kg3 Rg1+ 58. Kh3 Rh1+ 59. Kg2 Ra1 60. Rb6+ Kg7 1-0

[Event "Elekes Memorial"]
[Site "Budapest HUN"]
[Date "1991.??.??"]
[Round "7"]
[White "Stern, Rene"]
[Black "Naumkin, Igor"]
[Result "1/2-1/2"]
[WhiteElo "2370"]
[BlackElo "2505"]
[PlyCount "83"]
[EventDate "1991.05.??"]
[Source "www.chesslib.no"]
[SourceDate "2004.05.04"]

1. d4 e6 2. c4 f5 3. Nf3 Nf6 4. g3 Be7 5. Bg2 O-O 6. d5 Bb4+ 7. Bd2 Qe7 8. Nc3 e5 9. a3 Bxc3 10. Bxc3 d6 11. O-O Nbd7 12. b3 Ne4 13. Bb2 Ndf6 14. e3 Bd7 15. Ne1 f4 16. exf4 exf4 17. Nd3 fxg3 18. fxg3 Rae8 19. Qc2 c6 20. Rae1 Qd8 21. Bxe4 Nxe4 22. Rxf8+ Kxf8 23. Nf4 Ng5 24. Rxe8+ Qxe8 25. Qc3 Qe7 26. a4 c5 27. Kf1 Bg4 28. h4 Ne4 29. Qe3 Nf6 30. Ne6+ Kg8 31. Ke1 h6 32. Kd2 Kf7 33. Bxf6 Qxf6 34. Nc7 Qb2+ 35. Ke1 Qa1+ 36. Kf2 Bd7 37. Nb5 a6 38. Nc3 Bf5 39. Ne4 Qe5 40. Kf3 Ke7 41. Qf4 Qxf4+ 42. Kxf4 1/2-1/2

[Event "RUS-Cup02"]
[Site "Moscow"]
[Date "1998.01.21"]
[Round "1"]
[White "Balashov, Yuri S"]
[Black "Gusev, Yuri S"]
[Result "1-0"]
[WhiteElo "2555"]
[BlackElo "2310"]
[PlyCount "67"]
[EventDate "1998.01.21"]
[Source "ChessBase"]
[SourceDate "1998.04.09"]

1. d4 e6 2. c4 f5 3. g3 Nf6 4. Bg2 d5 5. Nf3 Be7 6. O-O O-O 7. Qc2 Nc6 8. Nbd2 Ne4 9. b3 Nb4 10. Qb2 c5 11. cxd5 exd5 12. a3 Nc6 13. e3 Bf6 14. Ne5 Bxe5 15. dxe5 Qe7 16. f4 Be6 17. Qc2 Na5 18. Rb1 Rad8 19. b4 cxb4 20. axb4 Rc8 21. Qa2 Nc4 22. Nxc4 d4 23. Bxe4 fxe4 24. Qxa7 Bxc4 25. Rf2 Ra8 26. Qxd4 Bd3 27. Ra1 Rad8 28. Qb6 Rd5 29. Ra5 Rxa5 30. bxa5 Rc8 31. Bb2 Rc6 32. Qd4 Rc4 33. Qd5+ Kh8 34. f5 1-0

[Event "SWE-chT 9900"]
[Site "?"]
[Date "2000.??.??"]
[Round "10"]
[White "Renman Nils Gustaf"]
[Black "Karlsson Lars"]
[Result "1-0"]
[WhiteElo "2380"]
[BlackElo "2470"]
[PlyCount "79"]
[EventDate "2000.??.??"]
[Source "www.chesslib.no"]
[SourceDate "2004.05.04"]

1. d4 f5 2. g3 Nf6 3. Bg2 e6 4. c4 Be7 5. Nf3 d5 6. O-O O-O 7. Qc2 c6 8. Bf4 Ne4 9. Bxb8 Rxb8 10. e3 Bf6 11. Nbd2 Bd7 12. Ne5 Be8 13. Nb3 b6 14. f4 Bxe5 15. fxe5 Bh5 16. Rac1 a5 17. cxd5 cxd5 18. Qd3 Qd7 19. Rc2 Bg6 20. Bxe4 fxe4 21. Rxf8+ Rxf8 22. Qd1 Qb5 23. Nd2 h6 24. a3 Kh7 25. Kg2 Qd7 26. Kg1 Qb5 27. Kg2 Qd7 28. Kg1 Qf7 29. Qe1 Bf5 30. Nb1 Bh3 31. Rf2 Qe8 32. Rxf8 Qxf8 33. Nc3 b5 34. Qf2 Qc8 35. Qd2 Qc4 36. Qe2 b4 37. Qxc4 dxc4 38. Nb1 c3 39. bxc3 b3 40. c4 1-0

[Event "Buenos Aires Open"]
[Site "Buenos Aires ARG"]
[Date "1995.??.??"]
[Round "3"]
[White "Slipak, Sergio"]
[Black "Minzer, Claudio Javier"]
[Result "1-0"]
[WhiteElo "2450"]
[BlackElo "2385"]
[PlyCount "129"]
[EventDate "1995.??.??"]
[Source "www.chesslib.no"]
[SourceDate "2004.05.04"]

1. d4 e6 2. c4 f5 3. g3 Nf6 4. Bg2 Be7 5. Nf3 O-O 6. O-O d5 7. Qc2 Bd7 8. Nbd2 Nc6 9. e3 Ne4 10. Ne1 Be8 11. Nd3 Bh5 12. f3 Nxd2 13. Bxd2 g5 14. cxd5 exd5 15. Nc5 Bxc5 16. Qxc5 Ne7 17. Rac1 c6 18. b4 Be8 19. e4 h6 20. e5 Rf7 21. Rfe1 Ng6 22. Bf1 Nf8 23. Qc2 Ne6 24. Bc3 Rf8 25. a4 Kg7 26. Bd3 f4 27. g4 Qb6 28. a5 Qd8 29. Bf5 Qe7 30. b5 cxb5 31. Qb3 Qd7 32. Bb4 Rh8 33. Bd6 Rc8 34. Qxd5 Bf7 35. Rcd1 Rc4 36. Qe4 Qc6 37. Be7 Re8 38. Bf6+ Kf8 39. Bxe6 Qxe4 40. fxe4 Bxe6 41. h3 Kf7 42. d5 Bd7 43. Rc1 Rec8 44. Rxc4 bxc4 45. e6+ Bxe6 46. Bc3 Bd7 47. e5 Be8 48. e6+ Ke7 49. Bb4+ Kd8 50. Bf8 c3 51. d6 Rc4 52. Bxh6 c2 53. Bxg5+ Kc8 54. d7+ Bxd7 55. exd7+ Kxd7 56. Rc1 b5 57. axb6 axb6 58. Kf2 b5 59. Bf6 b4 60. h4 b3 61. h5 Ke6 62. Bb2 Ra4 63. h6 Kf7 64. h7 Ra8 65. h8=Q 1-0

[Event "Mallorca (Spain)"]
[Site "?"]
[Date "2003.??.??"]
[Round "9"]
[White "Carrasco Martinez Juan Manuel"]
[Black "Minzer Claudio Javier"]
[Result "1-0"]
[WhiteElo "2408"]
[BlackElo "2424"]
[PlyCount "89"]
[EventDate "2003.??.??"]
[Source "www.chesslib.no"]
[SourceDate "2004.05.04"]

1. d4 e6 2. Nf3 f5 3. g3 Nf6 4. Bg2 Be7 5. O-O O-O 6. c4 d5 7. Nbd2 Nc6 8. b3 Bd7 9. Bb2 Be8 10. Rc1 Ne4 11. Ne1 Bg5 12. e3 Bh5 13. Ndf3 Be7 14. Nd3 g5 15. Qc2 Bxf3 16. Bxf3 Qe8 17. Bg2 g4 18. Nf4 Qd7 19. a3 Bf6 20. b4 Rac8 21. Rfd1 Nd8 22. cxd5 exd5 23. Bxe4 fxe4 24. Qc5 c6 25. Nxd5 Qf5 26. Nf4 Qxc5 27. Rxc5 Nf7 28. h3 gxh3 29. Nxh3 Rcd8 30. Kg2 Rd6 31. Rh1 Rd5 32. Rxd5 cxd5 33. Nf4 Rd8 34. Rc1 b6 35. Rc7 Bg5 36. Nh3 h6 37. b5 Nd6 38. a4 Ne8 39. Rxa7 Rc8 40. Ba3 Nf6 41. a5 bxa5 42. b6 Rb8 43. b7 Ne8 44. Nxg5 hxg5 45. Ra8 1-0

[Event "ESP Team Ch"]
[Site "ESP"]
[Date "1993.??.??"]
[Round "?"]
[White "Gallego Jimenez, Victoriano"]
[Black "Romero Holmes, Alfonso"]
[Result "1/2-1/2"]
[WhiteElo "2365"]
[BlackElo "2455"]
[PlyCount "32"]
[EventDate "1993.??.??"]
[Source "www.chesslib.no"]
[SourceDate "2004.05.04"]

1. d4 e6 2. Nf3 f5 3. g3 Nf6 4. Bg2 Be7 5. O-O O-O 6. c4 d5 7. Nc3 Nc6 8. cxd5 exd5 9. Ne5 Nb8 10. Bg5 c6 11. f4 Na6 12. Rb1 Ne8 13. Bxe7 Qxe7 14. e3 Nac7 15. Rf2 Nd6 16. Bf1 Bd7 1/2-1/2

[Event "Elista ol (Men)"]
[Site "Elista"]
[Date "1998.10.05"]
[Round "7"]
[White "Urban, Klaudiusz"]
[Black "Ilinsky, Vladimir"]
[Result "1/2-1/2"]
[WhiteElo "2485"]
[BlackElo "2335"]
[PlyCount "82"]
[EventDate "1998.09.29"]
[Source "ChessBase"]
[SourceDate "1998.11.06"]

1. d4 e6 2. c4 f5 3. g3 Nf6 4. Bg2 Be7 5. Nf3 d5 6. O-O O-O 7. Qc2 Nc6 8. a3 Ne4 9. b3 Bd7 10. Bb2 Be8 11. b4 Kh8 12. Nbd2 Nxd2 13. Nxd2 Bf6 14. Nb3 Ne7 15. Nc5 Qc8 16. Rfc1 c6 17. a4 Bf7 18. cxd5 exd5 19. e3 b6 20. Nd3 Qd7 21. Qb3 Rfc8 22. Rc2 Rab8 23. Rac1 Be8 24. Ba3 c5 25. dxc5 Qxa4 26. Qxa4 Bxa4 27. Rd2 a5 28. Bb2 Bxb2 29. Rxb2 Bb5 30. Nf4 axb4 31. Rxb4 bxc5 32. Rb2 Bc4 33. Rxb8 Rxb8 34. Rd1 g6 35. Nxd5 Nxd5 36. Bxd5 Rd8 37. Bf3 Rxd1+ 38. Bxd1 Bd3 39. Ba4 Be4 40. Bb3 Bd3 41. Ba4 Be4 1/2-1/2

[Event "Aviles"]
[Site "Aviles"]
[Date "1992.??.??"]
[Round "?"]
[White "Veingold, Aleksandr"]
[Black "Moreno Ruiz, Javier"]
[Result "1-0"]
[WhiteElo "2465"]
[BlackElo "2340"]
[PlyCount "65"]
[EventDate "1992.??.??"]
[Source "www.chesslib.no"]
[SourceDate "2004.05.04"]

1. d4 e6 2. g3 f5 3. Bg2 Nf6 4. c4 Be7 5. Nf3 O-O 6. d5 Bb4+ 7. Bd2 Qe7 8. O-O Bxd2 9. Qxd2 e5 10. d6 cxd6 11. Nc3 Nc6 12. Rad1 e4 13. Nd4 d5 14. Nxf5 Qe5 15. Qf4 Qxf4 16. gxf4 Nh5 17. Ng3 d4 18. Nxh5 dxc3 19. bxc3 d6 20. Bxe4 Bh3 21. Rfe1 Rad8 22. e3 Bg4 23. Rd5 Be6 24. Rb5 g6 25. Rxb7 Na5 26. Rxa7 Nxc4 27. Re7 d5 28. Rxe6 dxe4 29. Ng3 Kf7 30. Rc6 Nd2 31. Kg2 Ra8 32. Rd6 Nf3 33. Rb1 1-0

[Event "RUS-ch U20"]
[Site "Sochi"]
[Date "1998.??.??"]
[Round "1"]
[White "Prokopchuk, Evgeny"]
[Black "Eliseev, Alexey"]
[Result "1/2-1/2"]
[WhiteElo "2500"]
[BlackElo "2300"]
[PlyCount "62"]
[EventDate "1998.??.??"]
[Source "www.chesslib.no"]
[SourceDate "2004.05.04"]

1. Nf3 f5 2. d4 Nf6 3. g3 e6 4. Bg2 Be7 5. c4 O-O 6. O-O d5 7. Nbd2 c6 8. Qc2 Ne4 9. Ne5 Nd7 10. Ndf3 g5 11. Nxd7 Bxd7 12. Ne5 Be8 13. b3 Rc8 14. Bb2 Nd6 15. Rac1 Bh5 16. Ba3 Nf7 17. Nxf7 Kxf7 18. Bxe7 Qxe7 19. cxd5 cxd5 20. Qxc8 Rxc8 21. Rxc8 Bxe2 22. Re1 Qd7 23. Rc3 Bb5 24. Bf1 Bxf1 25. Kxf1 Qb5+ 26. Kg1 Qa5 27. Rce3 Qb6 28. Re5 a5 29. Rxe6 Qxe6 30. Rxe6 Kxe6 31. a4 b6 1/2-1/2

[Event "Belavenets Memorial Open"]
[Site "Smolensk RUS"]
[Date "1991.??.??"]
[Round "?"]
[White "Zakharevich, Igor"]
[Black "Zarubin, Pavel"]
[Result "1-0"]
[WhiteElo "2335"]
[BlackElo "2435"]
[PlyCount "107"]
[EventDate "1991.??.??"]
[Source "www.chesslib.no"]
[SourceDate "2004.05.04"]

1. d4 e6 2. c4 f5 3. g3 Nf6 4. Bg2 d5 5. Nf3 Be7 6. O-O O-O 7. Nbd2 Nc6 8. b3 Ne4 9. Bb2 a5 10. a3 Bd7 11. Rc1 Be8 12. Ne1 Bf6 13. Ndf3 g5 14. cxd5 exd5 15. Nd3 Bg7 16. a4 Qe7 17. Nfe5 Kh8 18. f3 Nd6 19. e3 Nd8 20. Ba3 f4 21. exf4 gxf4 22. Nxf4 Rxf4 23. gxf4 Ne6 24. Re1 Qh4 25. Bxd6 cxd6 26. Ng4 Nxf4 27. Rc7 Bg6 28. Ree7 Rg8 29. Qd2 Qg5 30. Qe3 h5 31. h4 Qf5 32. Nf2 Bh6 33. Kh2 Qf6 34. Nh3 Qxh4 35. Re6 Rg7 36. Rxg7 Kxg7 37. Rxd6 Nxh3 38. Qe5+ Kh7 39. Rd7+ Kg8 40. Qxd5+ Kf8 41. Qd6+ Ke8 42. Qxg6+ Kxd7 43. Bxh3+ Kc7 44. Qxh6 Qf2+ 45. Bg2 Qh4+ 46. Kg1 Qe1+ 47. Bf1 Qg3+ 48. Kh1 Qxf3+ 49. Bg2 Qd1+ 50. Kh2 Qxd4 51. Qh7+ Kd6 52. Qe4 Qd2 53. Qh4 Ke5 54. Qe7+ 1-0

[Event "Verona Open"]
[Site "Verona ITA"]
[Date "1995.??.??"]
[Round "?"]
[White "Peric, Stevan"]
[Black "Naumkin, Igor"]
[Result "0-1"]
[WhiteElo "2255"]
[BlackElo "2500"]
[PlyCount "90"]
[EventDate "1995.??.??"]
[Source "www.chesslib.no"]
[SourceDate "2004.05.04"]

1. d4 e6 2. c4 f5 3. g3 Nf6 4. Bg2 Be7 5. Nf3 O-O 6. d5 Bb4+ 7. Bd2 Qe7 8. dxe6 dxe6 9. Qb3 Bxd2+ 10. Nfxd2 Na6 11. Nc3 c6 12. O-O e5 13. Qc2 Nc5 14. b4 Ne6 15. c5 a5 16. a3 axb4 17. axb4 Rxa1 18. Rxa1 Nd4 19. Qb2 f4 20. Ra8 Ng4 21. Nf3 fxg3 22. hxg3 Qf6 23. Ne4 Qh6 24. Qa2+ Kh8 25. Qd2 Qxd2 26. Nexd2 Nxe2+ 27. Kf1 Nd4 28. Nxd4 exd4 29. Ne4 Ne3+ 30. Kg1 Nxg2 31. Nd6 d3 32. Nxc8 Ne1 33. Kf1 Nc2 34. Nb6 Rxa8 35. Nxa8 Nxb4 36. Nb6 d2 37. Ke2 Nd3 38. Nd7 Nxf2 39. Kxd2 Ne4+ 40. Ke3 Nxg3 41. Kf4 Ne2+ 42. Ke5 h5 43. Kd6 h4 44. Ne5 h3 45. Ng4 Kh7 0-1

[Event "Cup Mitropa"]
[Site "Europe"]
[Date "1978.??.??"]
[Round "1"]
[White "Tatai, Stefano"]
[Black "Rasmussen, Karsten"]
[Result "1-0"]
[WhiteElo "2455"]
[BlackElo "2295"]
[PlyCount "71"]
[EventDate "1978.??.??"]
[Source "www.chesslib.no"]
[SourceDate "2004.05.04"]

1. Nf3 f5 2. d4 e6 3. g3 Nf6 4. Bg2 Be7 5. O-O O-O 6. c4 d5 7. Nbd2 c6 8. Ne5 Nbd7 9. Nd3 Kh8 10. Nf4 Nb8 11. Nf3 Ne4 12. h4 Qe8 13. Qc2 Na6 14. a3 Bd7 15. b4 b5 16. c5 Qc8 17. Nd3 h6 18. Nfe5 Be8 19. Kh2 Bf6 20. f3 g5 21. fxe4 dxe4 22. Nf2 gxh4 23. gxh4 Rg8 24. Bf4 Nc7 25. Bxe4 fxe4 26. Nxe4 Nd5 27. Nxf6 Nxf6 28. Bg5 Ng4+ 29. Nxg4 hxg5 30. Rf6 Kg7 31. Qd2 Qc7+ 32. Kh3 Kh7 33. Rh6+ Kg7 34. Qxg5+ Kf8 35. Rf1+ Bf7 36. Qe5 1-0

[Event "Ljubljana"]
[Site "Ljubljana"]
[Date "1981.??.??"]
[Round "12"]
[White "Jelen, Iztok"]
[Black "Steiner, Darko"]
[Result "1/2-1/2"]
[WhiteElo "2415"]
[BlackElo "2325"]
[PlyCount "25"]
[EventDate "1981.12.??"]
[Source "www.chesslib.no"]
[SourceDate "2004.05.04"]

1. Nf3 f5 2. g3 Nf6 3. Bg2 e6 4. c4 Be7 5. O-O O-O 6. d4 d5 7. Nbd2 c6 8. Qc2 Ne4 9. Ne5 Nxd2 10. Bxd2 Nd7 11. Nd3 a5 12. Rab1 Nb6 13. cxd5 1/2-1/2

[Event "Kecskemet"]
[Site "Kecskemet"]
[Date "1979.??.??"]
[Round "6"]
[White "Lukacs, Peter"]
[Black "Cibulka, Vladimir"]
[Result "1-0"]
[WhiteElo "2420"]
[BlackElo "2320"]
[PlyCount "73"]
[EventDate "1979.??.??"]
[Source "www.chesslib.no"]
[SourceDate "2004.05.04"]

1. d4 e6 2. c4 f5 3. g3 Nf6 4. Bg2 Be7 5. Nf3 d5 6. O-O O-O 7. Nbd2 c6 8. Qc2 Bd7 9. Ne5 Be8 10. Nd3 Ne4 11. Nf3 Bf6 12. b3 Bf7 13. Ba3 Re8 14. Nfe5 dxc4 15. Nxc4 Bxd4 16. Rad1 b5 17. Nce5 Qc7 18. Nxf7 Qxf7 19. e3 Bf6 20. Bxe4 fxe4 21. Nc5 Be7 22. Qxe4 Bxc5 23. Bxc5 Qf5 24. Qxf5 exf5 25. Rd6 a5 26. a3 Na6 27. Rc1 Red8 28. Rxc6 Rd3 29. Bd4 Rxb3 30. Rc8+ Rxc8 31. Rxc8+ Kf7 32. Ra8 Rxa3 33. Rxa6 b4 34. Ra7+ Ke6 35. Rxg7 b3 36. Rxh7 a4 37. h4 1-0

[Event "Ch World (cadets)"]
[Site "Ch World (cadets)"]
[Date "1995.??.??"]
[Round "7"]
[White "Yang Xian"]
[Black "Tassi, Oliviero"]
[Result "1-0"]
[WhiteElo "2425"]
[BlackElo "2305"]
[PlyCount "75"]
[EventDate "1995.??.??"]
[Source "www.chesslib.no"]
[SourceDate "2004.05.04"]

1. d4 f5 2. c4 Nf6 3. g3 e6 4. Bg2 Be7 5. Nf3 O-O 6. O-O d5 7. Qc2 c6 8. Nbd2 Ne4 9. Ne5 Nd7 10. Ndf3 Qe8 11. Nxd7 Bxd7 12. Ne5 Rd8 13. f3 Nf6 14. Bd2 Bc8 15. Qa4 c5 16. Qxa7 cxd4 17. Ba5 Rd6 18. Qxd4 dxc4 19. Qxc4 Rd5 20. Bc3 Rc5 21. Qb3 Nd5 22. Bd4 Rb5 23. Qd1 Bc5 24. Bxc5 Rxc5 25. Qd4 Rb5 26. e4 Nf6 27. Rac1 Qe7 28. exf5 Rd8 29. Qc3 exf5 30. Qc4+ Rbd5 31. f4 Be6 32. Bxd5 Nxd5 33. Rfe1 Qd6 34. Qc5 Qa6 35. Nc6 Re8 36. Rxe6 Rxe6 37. Qxd5 Qb6+ 38. Nd4 1-0